Medicina para y por Residentes (Registro nro. 1314)
[ vista simple ]
| 000 -LEADER | |
|---|---|
| fixed length control field | 00542nas a22001697a 4500 |
| 008 - CAMPO DE CONTROL RECURSOS CONTINUADOS | |
| fixed length control field | 130416t20109999ag ||||| |||| 00| 0 spa d |
| 022 ## - INTERNATIONAL STANDARD SERIAL NUMBER | |
| International Standard Serial Number | 2314-1859 |
| 245 ## - TITULO | |
| Titulo | Medicina para y por Residentes |
| 260 ## - PUBLICACION, DISTRIBUCION, ETC. (PIE DE IMPRENTA) | |
| Lugar de publicación, distribución, etc | Buenos Aires, |
| Nombre de la editorial, distribuidor, etc. | Sociedad Iberamericana de Informacion Cientifica: |
| Fecha de publicación | 2010 |
| 300 ## - DESCRIPCION FISICA | |
| Extensión | v. : |
| 546 ## - NOTA DE IDIOMA | |
| Nota de lenguaje | español |
| 590 ## - NOTAS LOCALES (RLIN) | |
| Nota local | Indizada en: SIIC Data Bases |
| 590 ## - NOTAS LOCALES (RLIN) | |
| Nota local | Existencias: 2010 1(2-5); 2012 2(4) 3(1,3) |
| 650 ## - MATERIA-TERMINO TEMATICO | |
| Término temático | MEDICINA INTERNA |
| 9 (RLIN) | 1738 |
| 856 ## - LOCALIZACION ELECTRONICA Y ACCESO | |
| Identificador Uniforme de Recurso (URI) | <a href="http://www.siicsalud.com/lmr/siicdatabases.php">http://www.siicsalud.com/lmr/siicdatabases.php</a> |
| 942 ## - ADDED ENTRY ELEMENTS (KOHA) | |
| Source of classification or shelving scheme | Dewey Decimal Classification |
| Item type | Continuing Resources |
No hay ítems disponibles.